LEADER 00998nam0-22003011i-450- 001 990005488950403321 005 20160613145725.0 035 $a000548895 035 $aFED01000548895 035 $a(Aleph)000548895FED01 035 $a000548895 100 $a19990604d1965----km-y0itay50------ba 101 0 $afre 105 $ay-------001yy 200 1 $a<>banchieri juifs et le Saint-Siège$edu 13. au 17. siècle$fLèon Poliakov 210 $aParis$cS.E.V.P.E.N.$d1965 215 $a369 p.$d25 cm 225 1 $aÉcole Pratique des Hautes Études. VI Section Centre de Recherches Historiques. Affaires et Gens d'Affaires$v30 676 $a332.1092 700 1$aPoliakov,$bLéon$f<1910-1997>$0382127 801 0$aIT$bUNINA$gRICA$2UNIMARC 901 $aBK 912 $a990005488950403321 952 $a332.109 POL 1$bST.MED.MOD. 2987$fFLFBC 952 $a332.109 POL BIS$bST.MED.MOD. 2078$fFLFBC 959 $aFLFBC 996 $aBanchieri juifs et le Saint-Siège$9589713 997 $aUNINA LEADER 01215nam0-2200301 --450 001 9910742794103321 005 20230925083144.0 010 $a978-88-88949-67-3 020 $aIT$b2011-5722 100 $a20230925d2011----kmuy0itay5050 ba 101 0 $aita 102 $aIT 105 $a 001yy 200 1 $a<>istruzione pubblica in Calabria$escuole regie, real collegi e real licei tra Settecento e Ottocento$fRosella Folino Gallo$gin appendice: Progetto d'istruzioni per l'amministrazione economica de' r. collegi, Progetto d'istruzioni particolari sulla condotta moral' ed interna de' convittori, maestri, prefetti, ed agenti subalterni de' r. collegi, di Gregorio Aracri e Teodoro Monticelli 210 $aSoveria Mannelli$cCittàcalabria$d2011 215 $aXIII, 250 p.$d21 cm 610 0 $aIstruzione secondaria$aCalabria$aSec. 18.-19. 676 $a370.94578$v20 700 1$aFolino Gallo,$bRosella$01227690 702 1$aMonticelli,$bTeodoro 702 1$aAracri,$bGregorio 801 0$aIT$bUNINA$gREICAT$2UNIMARC 901 $aBK 912 $a9910742794103321 952 $aDFT C90 FOGR 01$fFLFBC 959 $aFLFBC 996 $aIstruzione pubblica in Calabria$93560941 997 $aUNINA